Southville International School and Colleges
Your cart is empty.
  • Cart
  • Lists
    Public lists Eva Luna New books Lux_list list_1
    Your lists Log in to create your own lists
  • Log in to your account
  • Your cookies
  • Search history
Southville International School and Colleges
  • Advanced search
  • Recent comments
  • Most popular
  • Libraries

Log in to your account

Log in with GOOGLE


If you do not have an external account, but do have a local account, you can still log in:

  1. Home
  2. MARC view: Public relations :
Normal view MARC view ISBD view

Public relations : (Record no. 283860)

[ view plain ]
MARC details
000 -LEADER
fixed length control field 01130cam a2200325 a 4500
001 - CONTROL NUMBER
control field 14994351
003 - CONTROL NUMBER IDENTIFIER
control field PILC
005 - DATE AND TIME OF LATEST TRANSACTION
control field 20150506132236.0
008 - FIXED-LENGTH DATA ELEMENTS--GENERAL INFORMATION
fixed length control field 070905s2004 ohua b 001 0 eng d
010 ## - LIBRARY OF CONGRESS CONTROL NUMBER
LC control number 2007310534
015 ## - NATIONAL BIBLIOGRAPHY NUMBER
National bibliography number GBA4Z9719
Source bnb
016 7# - NATIONAL BIBLIOGRAPHIC AGENCY CONTROL NUMBER
Record control number 006942292
Source Uk
020 ## - INTERNATIONAL STANDARD BOOK NUMBER
International Standard Book Number 0324203047
020 ## - INTERNATIONAL STANDARD BOOK NUMBER
International Standard Book Number 9780324203042
035 ## - SYSTEM CONTROL NUMBER
System control number (OCoLC)ocm55627973
040 ## - CATALOGING SOURCE
Original cataloging agency GL5
Transcribing agency GL5
Modifying agency NGU
-- OCLCQ
-- BAKER
-- VRC
-- UKM
-- YDXCP
-- DLC
042 ## - AUTHENTICATION CODE
Authentication code lccopycat
050 00 - LIBRARY OF CONGRESS CALL NUMBER
Classification number HD 59
Item number .M2578 2004
082 00 - DEWEY DECIMAL CLASSIFICATION NUMBER
Classification number 659.2
100 1# - MAIN ENTRY--PERSONAL NAME
Personal name Marconi, Joe.
245 10 - TITLE STATEMENT
Title Public relations :
Remainder of title the complete guide /
Statement of responsibility, etc Joe Marconi.
260 ## - PUBLICATION, DISTRIBUTION, ETC. (IMPRINT)
Place of publication, distribution, etc Mason, Ohio :
Name of publisher, distributor, etc South-Western ;
-- American Marketing Association,
Date of publication, distribution, etc 2004.
300 ## - PHYSICAL DESCRIPTION
Extent 386 pages :
Other physical details illustrations ;
Dimensions 24 cm.
500 ## - GENERAL NOTE
General note Includes bibliographical references and index.
650 #0 - SUBJECT ADDED ENTRY--TOPICAL TERM
Topical term or geographic name as entry element Public relations.
650 #0 - SUBJECT ADDED ENTRY--TOPICAL TERM
Topical term or geographic name as entry element Corporations
General subdivision Public relations.
906 ## - LOCAL DATA ELEMENT F, LDF (RLIN)
a 7
b cbc
c copycat
d 2
e ncip
f 20
g y-gencatlg
942 ## - ADDED ENTRY ELEMENTS (KOHA)
Source of classification or shelving scheme Library of Congress Classification
Koha item type Books
Holdings
Withdrawn status Lost status Source of classification or shelving scheme Damaged status Home library Current library Shelving location Date acquired Source of acquisition Sub Shelving location Total Checkouts Full call number Barcode Date last seen Price effective from Koha item type
    Library of Congress Classification   Southville International School Affiliated with Foreign Universities Library Southville International School Affiliated with Foreign Universities Library Southville Foreign University Section 05/06/2015 Library Fund     HD 59 .M2578 2004 SFU1889 05/15/2018 05/06/2015 Books

Public relations :

APA

Marconi J., . (2004). Public relations. Mason, Ohio: South-Western.

Chicago

Marconi Joe, . 2004. Public relations. Mason, Ohio: South-Western.

Harvard

Marconi J., . (2004). Public relations. Mason, Ohio: South-Western.

MLA

Marconi Joe, . Public relations. Mason, Ohio: South-Western. 2004.

  • Place hold
  • Print
  • Cite
  • Add to your cart (remove)
  • Save record
    BIBTEX Dublin Core MARCXML MARC (non-Unicode/MARC-8) MARC (Unicode/UTF-8) MARC (Unicode/UTF-8, Standard) MODS (XML) RIS
  • More searches
    Search for this title in:
    Other Libraries (WorldCat) Other Databases (Google Scholar) Online Stores (Bookfinder.com) Open Library (openlibrary.org)

Exporting to Dublin Core...

SOUTHVILLE LIBRARY

Southville International School and Colleges Library

1281 Tropical Ave. Cor. Luxembourg St., BF Homes International, Las Pinas City

Tel. No. 8256374 / 252358 Loc. 117/146

Powered by Koha